000 00507nam a2200157Ia 4500
003 GCL
008 140319s9999 xx 000 0 ara d
040 _aGCL /
_cGCL
082 0 4 _a301
_bح ع
100 1 _aحسين عبدالحميد احمد رشوان
245 1 0 _aالعلم والبحث العلمى دراسة فى مناهج العلوم /
_cحسين عبدالحميد احمد رشوان
300 _a215 ص
490 _a100 قصة
_v0
650 0 4 _aالاجتماع، علم
942 _2ddc
_cBK
999 _c43637
_d43637